000 00563nam a2200205Ia 4500
003 0100
005 20160812093247.0
008 130303s9999 xx 000 0 und d
040 _cARRUPELIB
050 _aPR9381.9.N4I1 1982
100 _aNgũgĩ wa Thiong'o and Ngugi wa Mirii
_924913
245 _aI will marry when I want
260 _aLondon
260 _bHeinemann Educational Books Limited
300 _a122p.
300 _b 19cm.
440 _aAfrican Writers Series
_93197
700 _aNgũgĩ wa Mĩriĩ
_924914
942 0 0 _02
_2lcc
_cMONOGRAPH
999 _c23396
_d23396